<?xml version="1.0" encoding="UTF-8"?>
<record
    xmlns:xsi="http://www.w3.org/2001/XMLSchema-instance"
    xsi:schemaLocation="http://www.loc.gov/MARC21/slim http://www.loc.gov/standards/marcxml/schema/MARC21slim.xsd"
    xmlns="http://www.loc.gov/MARC21/slim">

  <leader>02314nam a2200325 i 4500</leader>
  <controlfield tag="001">000039076</controlfield>
  <controlfield tag="003">DO-SdBNP</controlfield>
  <controlfield tag="005">20260321073643.0</controlfield>
  <controlfield tag="007">ta</controlfield>
  <controlfield tag="008">081126s2012    dr            001 0 spa d</controlfield>
  <datafield tag="020" ind1=" " ind2=" ">
    <subfield code="a">9789945883572</subfield>
  </datafield>
  <datafield tag="040" ind1=" " ind2=" ">
    <subfield code="a">DO-SdBNP</subfield>
    <subfield code="b">spa</subfield>
    <subfield code="c">BNPHU</subfield>
    <subfield code="e">rda</subfield>
  </datafield>
  <datafield tag="041" ind1=" " ind2=" ">
    <subfield code="a">spa</subfield>
  </datafield>
  <datafield tag="082" ind1=" " ind2="4">
    <subfield code="a">972.9</subfield>
    <subfield code="b">B742d 2012</subfield>
    <subfield code="2">22</subfield>
  </datafield>
  <datafield tag="100" ind1="1" ind2=" ">
    <subfield code="a"> Bosch, Juan, </subfield>
    <subfield code="d">1909-2001</subfield>
    <subfield code="e">autor</subfield>
    <subfield code="4">aut.</subfield>
    <subfield code="9">76555</subfield>
  </datafield>
  <datafield tag="245" ind1="1" ind2="0">
    <subfield code="a">De Crist&#xF3;bal Col&#xF3;n a Fidel Castro :</subfield>
    <subfield code="b">el Caribe frontera imperial /</subfield>
    <subfield code="c">Juan Bosch.</subfield>
  </datafield>
  <datafield tag="264" ind1=" " ind2="4">
    <subfield code="a">Santo Domingo :</subfield>
    <subfield code="b">Fundaci&#xF3;n Juan Bosch,</subfield>
    <subfield code="c">&#xA9;2012.</subfield>
  </datafield>
  <datafield tag="300" ind1=" " ind2=" ">
    <subfield code="a">924 p&#xE1;ginas ;</subfield>
    <subfield code="c">24 cm.</subfield>
  </datafield>
  <datafield tag="336" ind1=" " ind2=" ">
    <subfield code="a">texto</subfield>
    <subfield code="b">txt</subfield>
    <subfield code="2">rdacontent</subfield>
  </datafield>
  <datafield tag="337" ind1=" " ind2=" ">
    <subfield code="a">sin mediaci&#xF3;n</subfield>
    <subfield code="b">n</subfield>
    <subfield code="2">rdamedia</subfield>
  </datafield>
  <datafield tag="338" ind1=" " ind2=" ">
    <subfield code="a">volumen</subfield>
    <subfield code="b">nc</subfield>
    <subfield code="2">rdacarrier</subfield>
  </datafield>
  <datafield tag="490" ind1="0" ind2=" ">
    <subfield code="a">Colecci&#xF3;n Bosch para todos</subfield>
  </datafield>
  <datafield tag="500" ind1=" " ind2=" ">
    <subfield code="a">Incluye &#xED;ndice onom&#xE1;stico y geogr&#xE1;fico.</subfield>
  </datafield>
  <datafield tag="504" ind1=" " ind2=" ">
    <subfield code="a">Bibliograf&#xED;a: p. 875-880</subfield>
  </datafield>
  <datafield tag="505" ind1="0" ind2=" ">
    <subfield code="t">Unas palabras del autor --</subfield>
    <subfield code="t">Una frontera de cinco siglos --</subfield>
    <subfield code="t">El escenario de la frontera --</subfield>
    <subfield code="t">Indios y espa&#xF1;oles en los primeros a&#xF1;os de la frontera imperial --</subfield>
    <subfield code="t">La conquista del Caribe entre 1508 y 1526 --</subfield>
    <subfield code="t">La conquista entre 1526-1584 --</subfield>
    <subfield code="t">Sublevaciones de indios, africanos y espa&#xF1;oles en el siglo XVI --</subfield>
    <subfield code="t">Las guerras de Espa&#xF1;a en el siglo XVI --</subfield>
    <subfield code="t">Contrabandistas, bucaneros y filibusteros --</subfield>
    <subfield code="t">El siglo de la desmembraci&#xF3;n --</subfield>
    <subfield code="t">El tiempo del espanto --</subfield>
    <subfield code="t">Intermedio europeo --</subfield>
    <subfield code="t">El Caribe hasta la Paz de Utrecht --</subfield>
    <subfield code="t">Las guerras en el Caribe hasta la Paz de Par&#xED;s (1763) --</subfield>
    <subfield code="t">La revoluci&#xF3;n Norteamericana y sus resultados en el Caribe --</subfield>
    <subfield code="t">La revoluci&#xF3;n francesa y su proyecci&#xF3;n en el Caribe --</subfield>
    <subfield code="t">El tiempo de la libertad --</subfield>
    <subfield code="t">Nacimiento de la Rep&#xFA;blica de Hait&#xED; --</subfield>
    <subfield code="t">En los umbrales de la gran conmoci&#xF3;n --</subfield>
    <subfield code="t">La guerra social venezolana --</subfield>
    <subfield code="t">La independencia de los territorios espa&#xF1;oles --</subfield>
    <subfield code="t">1821-1851. Los a&#xF1;os de reajuste --</subfield>
    <subfield code="t">Los a&#xF1;os de los episodios incre&#xED;bles (1855-1861) --</subfield>
    <subfield code="t">Las luchas por la independencia de Cuba (1868-1898) --</subfield>
    <subfield code="t">El siglo del imperio norteamericano --</subfield>
    <subfield code="t">Los a&#xF1;os de las balas y de los d&#xF3;lares --</subfield>
    <subfield code="t">Fidel Castro o la nueva etapa hist&#xF3;rica del Caribe--</subfield>
    <subfield code="t">Bibliograf&#xED;a --</subfield>
    <subfield code="t">Rese&#xF1;a biogr&#xE1;fica de Juan Bosch</subfield>
    <subfield code="t">&#xCD;ndice onom&#xE1;stico y geogr&#xE1;fico --</subfield>
  </datafield>
  <datafield tag="590" ind1=" " ind2=" ">
    <subfield code="a">Inventariado, 2025/ YL</subfield>
  </datafield>
  <datafield tag="651" ind1=" " ind2="4">
    <subfield code="a">Caribe (Regi&#xF3;n)</subfield>
    <subfield code="x">Historia</subfield>
    <subfield code="9">87401</subfield>
  </datafield>
  <datafield tag="910" ind1=" " ind2=" ">
    <subfield code="a">Validado. Control de calidad BNPHU</subfield>
  </datafield>
  <datafield tag="942" ind1=" " ind2=" ">
    <subfield code="2">ddc</subfield>
    <subfield code="c">LBS1</subfield>
  </datafield>
  <datafield tag="952" ind1=" " ind2=" ">
    <subfield code="0">0</subfield>
    <subfield code="1">0</subfield>
    <subfield code="2">ddc</subfield>
    <subfield code="5">1</subfield>
    <subfield code="7">0</subfield>
    <subfield code="8">PD</subfield>
    <subfield code="a">BNPHU</subfield>
    <subfield code="b">BNPHU</subfield>
    <subfield code="c">HD</subfield>
    <subfield code="d">2012-09-06</subfield>
    <subfield code="e">Compra</subfield>
    <subfield code="l">0</subfield>
    <subfield code="o">BNPHU PD 972.9 B742d, 2012</subfield>
    <subfield code="p">39076-10</subfield>
    <subfield code="r">2020-06-25</subfield>
    <subfield code="y">LBS1</subfield>
    <subfield code="Z">Pr&#xE9;stamo en sala</subfield>
  </datafield>
  <datafield tag="952" ind1=" " ind2=" ">
    <subfield code="0">0</subfield>
    <subfield code="1">0</subfield>
    <subfield code="2">ddc</subfield>
    <subfield code="5">1</subfield>
    <subfield code="7">0</subfield>
    <subfield code="8">PD</subfield>
    <subfield code="a">BNPHU</subfield>
    <subfield code="b">BNPHU</subfield>
    <subfield code="c">HD</subfield>
    <subfield code="d">2023-12-01</subfield>
    <subfield code="e">Donado por la Presidencia de la Rep&#xFA;blica Dominicana 2023</subfield>
    <subfield code="l">0</subfield>
    <subfield code="o">BNPHU PD 972.9 B742d 2012</subfield>
    <subfield code="p">2025-1118</subfield>
    <subfield code="r">2025-02-21</subfield>
    <subfield code="t">e. 2</subfield>
    <subfield code="w">2025-02-21</subfield>
    <subfield code="y">LBS1</subfield>
    <subfield code="z">Perteneci&#xF3; a la biblioteca personal de Ren&#xE9; Rodr&#xED;guez Soriano</subfield>
  </datafield>
  <datafield tag="999" ind1=" " ind2=" ">
    <subfield code="c">38566</subfield>
    <subfield code="d">38566</subfield>
  </datafield>
</record>
